Tok Pisin words and phrases - Statistics

General Stats
  • This quiz has been taken 68 times
  • The average score is 6 of 10
Answer Stats
Tok Pisin English % Correct
Moning Morning
100%
Plis Please
91%
Tenkyu Thank you
87%
Mi lavim yu I love you
83%
Hepi berthde Happy birthday
77%
Apinum Afternoon
68%
Longpela taim mi no lukim yu Long time no see
53%
Ples bilong yu we? Where are you from?
40%
Smolhaus Toilet
32%
Ka bilong mi i bagarap My car is broken down
17%
No matching quizzes found
Score Distribution
Percent of People with Each Score
Percentile by Number Answered
Your Score History
You have not taken this quiz